MARC

Tag First Indicator Second Indicator Subfields
LEADER 00000cam a2200000 a 4500
001 in00000092689
005 20231130182848.0
008 810226s1980 fr b 000 0 eng
010 |a  81114358  
016 |a (AMICUS)000002226492 
019 |a 7151628  |a 7406442  |a 10105976  |a 181792021  |a 219969582  |a 470131097  |a 1221618418 
020 |a 9264121277 
020 |a 9789264121270 
029 1 |a AU@  |b 000001946207 
029 1 |a AU@  |b 000004421901 
029 1 |a AU@  |b 000027527780 
029 1 |a AU@  |b 000045126284 
029 1 |a AU@  |b 000054019848 
029 1 |a AU@  |b 000057403549 
029 1 |a AU@  |b 000057709049 
029 1 |a AU@  |b 000057970622 
029 1 |a GBVCP  |b 014898292 
029 1 |a HEBIS  |b 112619320 
029 1 |a HR0  |b G02306947 
029 1 |a NLGGC  |b 803121903 
029 1 |a NZ1  |b 248964 
029 1 |a NZ1  |b 2686256 
029 1 |a UNITY  |b 064028747 
029 1 |a NLC  |b 000002226492 
029 1 |a AU@  |b 000067474973 
029 1 |a AU@  |b 000073039175 
035 |a (OCoLC)ocm14168029  
035 |a (OCoLC)14168029  |z (OCoLC)7151628  |z (OCoLC)7406442  |z (OCoLC)10105976  |z (OCoLC)181792021  |z (OCoLC)219969582  |z (OCoLC)470131097  |z (OCoLC)1221618418 
035 |a (OCoLC)ocm14168029  
040 |a DLC  |b eng  |c DLC  |d OCL  |d BAKER  |d NLGGC  |d UW1  |d CLU  |d NIALS  |d QCL  |d TULIB  |d OCLCO  |d OCLCF  |d OCLCQ  |d NLC  |d OCLCQ  |d CAI  |d OCLCA  |d OCLCO  |d AUM  |d OCLCO 
050 0 0 |a HE4211  |b .U72 1980 
055 3 |a HE 305 
082 0 4 |a 388.4  |2 19 
084 |a 83.72  |2 bcl 
245 0 0 |a Urban public transport :  |b evaluation of performance : a report /  |c prepared by an OECD Road Research Group. 
260 |a Paris :  |b Organisation for Economic Co-operation and Development ;  |a [Washington, D.C.] :  |b [Sold by OECD Publications and Information Center],  |c 1980. 
300 |a 76 pages ;  |c 27 cm. 
336 |a text  |b txt  |2 rdacontent 
337 |a unmediated  |b n  |2 rdamedia 
338 |a volume  |b nc  |2 rdacarrier 
490 1 |a Road research 
500 |a At head of title: Road research. 
500 |a "October 1980." 
504 |a Includes bibliographical references (pages 57-58). 
530 |a Also issued online. 
610 2 0 |a Organisation for Economic Co-operation and Development. 
650 0 |a Local transit  |x Evaluation. 
650 6 |a Transports publics  |x Évaluation. 
610 2 7 |a Organisation for Economic Co-operation and Development  |2 fast 
650 7 |a Local transit  |x Evaluation  |2 fast 
776 0 8 |i Online version:  |t Urban public transport.  |d Paris : Organisation for Economic Co-operation and Development ; [Washington, D.C. : sold by OECD Publications and Information Center], 1980  |w (OCoLC)558405152 
776 0 8 |i Online version:  |t Urban public transport.  |d Paris : Organisation for Economic Co-operation and Development ; [Washington, D.C. : sold by OECD Publications and Information Center], 1980  |w (OCoLC)608795580 
830 0 |a Road research. 
938 |a Baker & Taylor  |b BKTY  |c 5.50  |d 5.50  |i 9264121277  |n 0000051818  |s active 
948 |h HELD BY TXA - 223 OTHER HOLDINGS 
994 |a Z0  |b TXA 
999 f f |s ad9d5131-e755-3af3-9b6d-93c933355657  |i 798eea23-5a12-34d9-b0c3-19d1adf4d058  |t 0 
952 f f |p ric  |a Texas A&M University  |b Rellis Campus  |c Joint Library Facility  |d Remote Storage  |t 0  |e HE4211 U72  |h Library of Congress classification  |i unmediated -- volume  |m A14806005178 
998 f f |a HE4211 U72  |t 0  |l Remote Storage